| 000 | 00483nam a22001697a 4500 | ||
|---|---|---|---|
| 003 | OSt | ||
| 005 | 20150917100736.0 | ||
| 008 | 150917b xxu||||| |||| 00| 0 eng d | ||
| 040 | _aSEKU | ||
| 050 |
_aPR 1221 _b.C6 |
||
| 100 | _aColeman, Elliott | ||
| 245 |
_aPoems of Byron, Keats and Shelley / _cselected and edited by Elliott Coleman |
||
| 260 |
_aGarden City : _bProgrammed classics, _cc1967. |
||
| 300 | _a699 p. | ||
| 650 |
_aEnglish poetry _y19th Century. |
||
| 942 |
_2lcc _cGEN |
||
| 999 |
_c8993 _d8993 |
||